• 首页
  • 本馆介绍
  • 公告通知
  • 最新文献
  • 馆藏检索
  • 电子资源
  • 读者导购
  • 参考咨询
  • 我的图书馆
  • 登录
  • 详细信息显示
  • 放入我的书架
  • 预约/预借图书
  • 作者相关作品
  • 分类相关作品
  • 丛书相关作品
  • 出版社相关作品

书目信息

  • 表格格式
  • 工作单格式
  • 卡片格式
题名:
物流与供应链管理
    
 
作者: 夏春玉 主编
分册:  
出版信息: 大连   东北财经大学出版社  2020.3
页数: 300页
开本: 24cm
丛书名: 21世纪工商管理类与会计主干课系列教材
单 册:
中图分类: F252.1
科图分类:
主题词: 物流管理--wu liu guan li--高等学校--教材 , 供应链管理--gong ying lian guan li--高等学校--教材
电子资源:
ISBN: 978-7-5654-3744-1
000 01586oam2 2200313 450
001 2161448164
005 20211003084213.81
010    @a978-7-5654-3744-1@dCNY42.00
100    @a20200514d2020 em y0chiy0120 ea
101 0  @achi
102    @aCN@b210000
105    @aak a 000yy
106    @ar
200 1  @a物流与供应链管理@Awu liu yu gong ying lian guan li@dLogistics and supply chain management@f夏春玉主编@zeng
205    @a6版
210    @a大连@c东北财经大学出版社@d2020.3
215    @a300页@c图@d24cm
225 2  @a21世纪工商管理类与会计主干课系列教材@A21shi ji gong shang guan li lei yu hui ji zhu gan ke xi lie jiao cai
314    @a夏春玉, 中国共产党党员, 教授, 博士生导师。
320    @a有书目 (第296-300页)
330    @a本书由10章组成, 分别就导论, 物流战略管理, 运输与配迭管理, 仓储与物料管理, 装卸搬运、包装与流通加工管理, 物流信息管理, 物流成本管理, 物流服务管理, 物流组织与人力资源管理, 供应链管理进行了论述。涵盖了现代物流管理最基本、最核心的内容。本书在阐述问题与观点时, 十分重视各种文献与实证资料的占有与使用, 力求观点明确、论据充分, 以提高观点、结论的可信度。本书每章都配有学习目标、本章小结、本章案例和复习思考题, 从而既有利于读者自学, 掌握各章的重点内容, 也有利于教师讲授。
461  0 @12001 @a21世纪工商管理类与会计主干课系列教材
510 1  @aLogistics and supply chain management@zeng
606 0  @a物流管理@Awu liu guan li@x高等学校@j教材
606 0  @a供应链管理@Agong ying lian guan li@x高等学校@j教材
690    @aF252.1@v5
701  0 @a夏春玉@Axia chun yu@4主编
801  0 @aCN@b百万庄@c20210928
905    @b1302534-37@dF252.1@e320=6@f4
    
    物流与供应链管理=Logistics and supply chain management/夏春玉主编.-6版.-大连:东北财经大学出版社,2020.3
    300页:图;24cm.-(21世纪工商管理类与会计主干课系列教材)
    
    
    ISBN 978-7-5654-3744-1:CNY42.00
    本书由10章组成, 分别就导论, 物流战略管理, 运输与配迭管理, 仓储与物料管理, 装卸搬运、包装与流通加工管理, 物流信息管理, 物流成本管理, 物流服务管理, 物流组织与人力资源管理, 供应链管理进行了论述。涵盖了现代物流管理最基本、最核心的内容。本书在阐述问题与观点时, 十分重视各种文献与实证资料的占有与使用, 力求观点明确、论据充分, 以提高观点、结论的可信度。本书每章都配有学习目标、本章小结、本章案例和复习思考题, 从而既有利于读者自学, 掌握各章的重点内容, 也有利于教师讲授。
●
相关链接 在E读中查询图书 在五车中查询图书 在当当中查询图书 在豆瓣中查询图书


正题名:物流与供应链管理     索取号:F252.1/320=6         预约/预借

序号 登录号 条形码 馆藏地/架位号 状态 备注
1 1302534   213025340   第一样本阅览室/ [索取号:F252.1/320=6] 在馆    
2 1302535   213025359   第一借阅区/ [索取号:F252.1/320=6] 在馆    
3 1302536   213025368   第一借阅区/ [索取号:F252.1/320=6] 在馆    
4 1302537   213025377   第一借阅区/ [索取号:F252.1/320=6] 在馆    
唐山师范学院图书馆 欢迎您!
大连网信软件有限公司© 版权所有